[Event "Philadelphia Open"]
[Site "Philadelphia"]
[Date "2017.04.16"]
[Round "8.3"]
[White "IM Vazquez, Guillermo"]
[Black "GM Li, Ruifeng"]
[Result "1/2-1/2"]
[WhiteElo "2446"]
[BlackElo "2565"]
[PlyCount "164"]
[EventDate "2017.04.??"]
[EventType "swiss"]
[EventRounds "9"]
[EventCountry "USA"]

1. d4 f5 2. c4 Nf6 3. Nf3 g6 4. g3 Bg7 5. Bg2 d6 6. O-O O-O 7. Nc3 Nc6 8. d5
Na5 9. Nd2 c5 10. Rb1 a6 11. b3 Rb8 12. Bb2 b5 13. Ba1 e5 14. dxe6 Bxe6 15.
cxb5 axb5 16. b4 Nc4 17. Nxc4 Bxc4 18. a4 bxa4 19. Qxa4 Bf7 20. Rfd1 Qe7 21. e3
Rfd8 22. Qa5 h6 23. Bc6 Rbc8 24. Bg2 Kh7 25. Nb5 Be8 26. Nc3 Rb8 27. b5 Bf7 28.
b6 d5 29. Na4 c4 30. b7 Ne4 31. Bxg7 Kxg7 32. Bxe4 fxe4 33. Nc5 d4 34. exd4 e3
35. Qc3 exf2+ 36. Kxf2 Bd5 37. Kg1 Qd6 38. Re1 Rf8 39. Ne6+ Bxe6 40. d5+ Kg8
41. Rxe6 Qc5+ 42. Qe3 Qxe3+ 43. Rxe3 Rf7 44. Rb6 Rfxb7 45. Rxg6+ Kh7 46. Rc6
Rd8 47. Ree6 Rxd5 48. Rxh6+ Kg7 49. Rhg6+ Kh7 50. Rgf6 Rd2 51. Rf2 Rxf2 52.
Kxf2 Rb2+ 53. Kg1 Rc2 54. h4 c3 55. g4 Kg7 56. h5 Rd2 57. Rxc3 Rd4 58. Rg3 Kh6
59. Kg2 Kg5 60. Kh3 Rd1 61. Ra3 Rh1+ 62. Kg2 Rb1 63. Kh3 Rh1+ 64. Kg2 Rb1 65.
Ra4 Rb2+ 66. Kf3 Rb3+ 67. Ke2 Rh3 68. Re4 Ra3 69. Kf2 Ra5 70. Kf3 Ra3+ 71. Re3
Ra5 72. Kg3 Rc5 73. Rf3 Ra5 74. Rf7 Ra3+ 75. Kg2 Kxg4 76. h6 Rg3+ 77. Kf2 Rh3
78. h7 Kg5 79. Rg7+ Kf6 80. Ra7 Kg6 81. Kg2 Rxh7 82. Rxh7 Kxh7 1/2-1/2

[Event "Philadelphia Open"]
[Site "Philadelphia"]
[Date "2017.04.16"]
[Round "8.4"]
[White "GM Paragua, Mark"]
[Black "GM Molner, Mackenzie"]
[Result "1/2-1/2"]
[WhiteElo "2521"]
[BlackElo "2450"]
[Annotator "Hater,David"]
[PlyCount "80"]
[EventDate "2017.04.??"]
[EventType "swiss"]
[EventRounds "9"]
[EventCountry "USA"]

1. e4 c5 2. Nf3 d6 3. d4 cxd4 4. Nxd4 Nf6 5. Nc3 a6 6. Be3 Ng4 7. Bc1 Nf6 8.
Be2 e5 9. Nb3 Be7 10. O-O O-O 11. Kh1 b6 12. f3 Bb7 13. Be3 b5 14. Qd2 Nbd7 15.
a4 b4 16. Nd5 Nxd5 17. exd5 Nf6 18. Bc4 Qc7 19. Qd3 Rac8 20. Nd2 a5 21. c3 bxc3
22. bxc3 Nd7 23. Rab1 f5 24. Qc2 g6 25. Rb2 Ba8 26. Rfb1 Kg7 27. Rb5 h6 28. Bf1
Qxc3 29. Qxc3 Rxc3 30. Nc4 Nf6 31. Rd1 Bxd5 32. Rbxd5 Nxd5 33. Rxd5 Rb8 34. Kg1
Rb1 35. Nd2 Ra1 36. Bb6 Bg5 37. Kf2 Rc2 (37... Ra2 38. Ke2 Rcc2 39. Bxa5 Rxa4
40. Bb6 Rxd2+ 41. Rxd2 Bxd2 42. Kxd2 Kf6 43. Bd3 d5 44. Bc2 Rb4 45. Ba5 Rd4+
46. Ke2 Rc4 47. Bb3 Rc5 48. Bd2 g5 49. g4 f4 50. Kd3 Ke6 51. Bc3 Rc8 52. Kd2 h5
53. h3 hxg4 54. hxg4 Rh8 55. Ke2 Rh3 56. Kf2 Rh2+ 57. Kf1 Rh1+ 58. Ke2 Rb1 59.
Bc2 Rb8) 38. Bxa5 Rxa4 39. Bb6 Rxd2+ 40. Rxd2 Bxd2 1/2-1/2

[Event "Philadelphia Open"]
[Site "Philadelphia"]
[Date "2017.04.16"]
[Round "8.5"]
[White "GM Troff, Kayden"]
[Black "Brodsky, David"]
[Result "1/2-1/2"]
[WhiteElo "2492"]
[BlackElo "2313"]
[PlyCount "113"]
[EventDate "2017.04.??"]
[EventType "swiss"]
[EventRounds "9"]
[EventCountry "USA"]

1. d4 Nf6 2. c4 e6 3. Nf3 b6 4. g3 Ba6 5. Qc2 Bb7 6. Bg2 c5 7. d5 exd5 8. cxd5
Nxd5 9. O-O Be7 10. Rd1 Nc6 11. a3 Nc7 12. Bf4 Ne6 13. e3 O-O 14. Nc3 Nxf4 15.
exf4 d6 16. Rd2 Bf6 17. Ne4 d5 18. Nfg5 Bxg5 19. Nxg5 g6 20. Bxd5 Qe7 21. Qe4
Qxe4 22. Nxe4 Rad8 23. b4 cxb4 24. axb4 Kg7 25. f3 a5 26. Bxc6 Bxc6 27. bxa5
Rxd2 28. Nxd2 bxa5 29. Rxa5 Rd8 30. Ra2 h5 31. Kf2 Rd7 32. Rc2 Bd5 33. Nf1 Be6
34. Ne3 Rd4 35. h4 Ra4 36. Rb2 Kf6 37. Nf1 Kg7 38. Nd2 Bd5 39. Ke2 Ra3 40. Rc2
Kf6 41. Rc5 Ke6 42. Rb5 Ra2 43. Rb6+ Ke7 44. f5 gxf5 45. Rh6 Bxf3+ 46. Kxf3
Rxd2 47. Rxh5 Kf6 48. Rh8 Kg7 49. Ra8 Rd4 50. Ra6 f6 51. Ra8 Rb4 52. Ra2 Kg6
53. Ra8 Rc4 54. Rg8+ Kh7 55. Ra8 Kg6 56. Rg8+ Kh7 57. Ra8 1/2-1/2

[Event "Philadelphia Open"]
[Site "Philadelphia"]
[Date "2017.04.21"]
[Round "8.6"]
[White "IM Gurevich, Daniel"]
[Black "IM Checa, Nicolas"]
[Result "0-1"]
[WhiteElo "2465"]
[BlackElo "2400"]
[PlyCount "100"]
[EventDate "2017.04.??"]
[EventType "swiss"]
[EventRounds "9"]
[EventCountry "USA"]

1. e4 e6 2. d4 d5 3. Nc3 Bb4 4. e5 Ne7 5. a3 Bxc3+ 6. bxc3 c5 7. Qg4 cxd4 8.
Qxg7 Rg8 9. Qxh7 Qc7 10. Ne2 dxc3 11. h4 Bd7 12. Qd3 Nbc6 13. f4 Nf5 14. Qxc3
d4 15. Qd3 O-O-O 16. Rh3 Na5 17. Bb2 Bc6 18. O-O-O Bxg2 19. Bxg2 Rxg2 20. Qe4
Qc6 21. Qxc6+ Nxc6 22. Rd2 Ne3 23. h5 Nc4 24. h6 Nxd2 25. Kxd2 Rh8 26. Kd3 Rg6
27. Nxd4 Rgxh6 28. Re3 Nxd4 29. Bxd4 b6 30. Re4 Rh3+ 31. Be3 Rd8+ 32. Kc4 Kb7
33. c3 Rd1 34. Bf2 Rf1 35. Be1 Rhf3 36. Bd2 Rd1 37. Re2 Kc6 38. a4 Ra1 39. Kb3
Rff1 40. Re4 Rf2 41. Rd4 Rd1 42. Kc2 Rdxd2+ 43. Rxd2 Rxd2+ 44. Kxd2 b5 45. a5
a6 46. Kc2 Kd5 47. Kb3 Kc5 48. Kc2 Kc4 49. Kb2 b4 50. cxb4 Kxb4 0-1

[Event "Philadelphia Open"]
[Site "Philadelphia"]
[Date "2017.04.16"]
[Round "8.7"]
[White "GM Sadorra, Julio"]
[Black "Hong, Andrew"]
[Result "1-0"]
[WhiteElo "2580"]
[BlackElo "2378"]
[PlyCount "105"]
[EventDate "2017.04.??"]
[EventType "swiss"]
[EventRounds "9"]
[EventCountry "USA"]

1. d4 d5 2. c4 e6 3. Nc3 c6 4. Nf3 Nf6 5. e3 Nbd7 6. Qc2 Bd6 7. g4 h6 8. Rg1 e5
9. b3 e4 10. Nd2 O-O 11. h4 g5 12. hxg5 hxg5 13. f3 exf3 14. Nxf3 Re8 15. Nxg5
Bf4 16. e4 Bxc1 17. Qxc1 Nxe4 18. Ngxe4 Qh4+ 19. Kd1 dxe4 20. Qe3 Nf6 21. Be2
Nh7 22. Nxe4 Be6 23. Kd2 Nf6 24. Qg5+ Qxg5+ 25. Nxg5 Rad8 26. Raf1 Kg7 27. Rf4
c5 28. Nf3 cxd4 29. Nxd4 Rd7 30. g5 Nh7 31. Kc3 Nf8 32. Bd3 Red8 33. g6 f5 34.
Nxf5+ Bxf5 35. Bxf5 Re7 36. Be4 Rd6 37. Rf7+ Rxf7 38. gxf7+ Kxf7 39. Bxb7 Ke7
40. Rg7+ Kd8 41. Be4 a6 42. c5 Rf6 43. Bd5 Nd7 44. b4 a5 45. a3 axb4+ 46. axb4
Ne5 47. Kd4 Nd7 48. c6 Rf4+ 49. Ke3 Rxb4 50. Rxd7+ Ke8 51. Be6 Rb6 52. Rh7 Kd8
53. c7+ 1-0

[Event "Philadelphia Open"]
[Site "Philadelphia"]
[Date "2017.04.16"]
[Round "8.8"]
[White "GM Erenburg, Sergey"]
[Black "IM Ippolito, Dean"]
[Result "1-0"]
[WhiteElo "2568"]
[BlackElo "2365"]
[Annotator "Hater,David"]
[PlyCount "66"]
[EventDate "2017.04.??"]
[EventType "swiss"]
[EventRounds "9"]
[EventCountry "USA"]

1. e4 e5 2. Nf3 Nf6 3. Nxe5 d6 4. Nf3 Nxe4 5. Nc3 Nxc3 6. dxc3 Be7 7. Be3 Nc6
8. Qd2 Be6 9. O-O-O Qd7 10. Kb1 Bf6 11. Ng5 Bf5 12. h4 a6 13. Bc4 Ne5 14. Bb3
h6 15. f4 Ng4 16. Bxf7+ Kd8 17. Bd5 Re8 18. Bg1 hxg5 19. hxg5 Be7 20. Bxb7 Rb8
21. Bxa6 Qa4 22. Bd3 Qa3 23. Qc1 g6 24. Bxf5 gxf5 25. b3 Qa5 26. c4 Ra8 27. a4
Qb4 28. Rd5 c6 29. Bc5 Qb7 30. Rd3 Kc7 31. Qd2 Rad8 32. Rh7 Kc8 33. Bxd6 Qa7 {
[%emt 0:00:40] White wins on move} 1-0

[Event "Philadelphia Open"]
[Site "Philadelphia"]
[Date "2017.04.16"]
[Round "8.9"]
[White "GM Barbosa, Oliver"]
[Black "Santarius, Erik"]
[Result "1-0"]
[WhiteElo "2509"]
[BlackElo "2313"]
[PlyCount "119"]
[EventDate "2017.04.??"]
[EventType "swiss"]
[EventRounds "9"]
[EventCountry "USA"]

1. d4 d5 2. Nf3 Nf6 3. c4 e6 4. Nc3 c5 5. cxd5 Nxd5 6. e4 Nxc3 7. bxc3 cxd4 8.
cxd4 Bb4+ 9. Bd2 Bxd2+ 10. Qxd2 O-O 11. Be2 Nd7 12. O-O b6 13. e5 Bb7 14. a4
Rc8 15. Rfd1 Qe7 16. a5 Rc7 17. Qf4 Rfc8 18. axb6 axb6 19. Nd2 Nf8 20. Bf3 Ng6
21. Qg4 Bxf3 22. Nxf3 Qd8 23. Ng5 Rd7 24. h4 h6 25. Nxe6 Qxh4 26. Qxh4 Nxh4 27.
Nf4 Re8 28. Rd3 Nf5 29. Rad1 g6 30. Ne2 Kg7 31. Nc3 g5 32. g4 Nh4 33. Ne4 Re6
34. Nf6 Rd8 35. f4 gxf4 36. Nh5+ Kh7 37. Nxf4 Rc6 38. Kf2 Ng6 39. Nh5 Rc2+ 40.
Ke3 Rh2 41. Nf4 Rh4 42. Rf1 Nxf4 43. Rxf4 Kg7 44. d5 h5 45. gxh5 Rxh5 46. Ke4
Re8 47. Rg3+ Kf8 48. e6 Re7 49. Rgf3 Rh7 50. Ke5 b5 51. Kd6 Ra7 52. Kc6 b4 53.
Rxb4 Rh6 54. Rbf4 Ra6+ 55. Kb7 Ra5 56. Rxf7+ Ke8 57. Kc6 Ra6+ 58. Kb5 Ra1 59.
Rg3 Rb1+ 60. Kc6 1-0

[Event "Philadelphia Open"]
[Site "Philadelphia"]
[Date "2017.04.16"]
[Round "8.10"]
[White "GM Panchanathan, Magesh"]
[Black "IM Mulyar, Michael"]
[Result "0-1"]
[WhiteElo "2494"]
[BlackElo "2390"]
[PlyCount "66"]
[EventDate "2017.04.??"]
[EventType "swiss"]
[EventRounds "9"]
[EventCountry "USA"]

1. Nf3 d5 2. g3 Nf6 3. Bg2 c6 4. O-O Bg4 5. c4 e6 6. d3 dxc4 7. dxc4 Qxd1 8.
Rxd1 Nbd7 9. Nc3 Bb4 10. Bf4 Bxf3 11. Bxf3 Bxc3 12. bxc3 O-O-O 13. a4 Nb6 14.
Rxd8+ Rxd8 15. c5 Nc4 16. a5 Nd5 17. Kg2 Nxf4+ 18. gxf4 a6 19. Be4 g6 20. Ra2
Rd2 21. Bb1 Rd5 22. Bd3 Rxc5 23. Kf3 Nxa5 24. Kg4 Kc7 25. c4 b6 26. e3 Rh5 27.
c5 Rxc5 28. Bxa6 Nb7 29. Bf1 Nd6 30. Bd3 Ra5 31. Rc2 c5 32. Kf3 b5 33. Rb2 b4
0-1

[Event "Philadelphia Open"]
[Site "Philadelphia"]
[Date "2017.04.16"]
[Round "8.11"]
[White "IM Burke, John"]
[Black "IM Haubro, Martin"]
[Result "1-0"]
[WhiteElo "2492"]
[BlackElo "2355"]
[PlyCount "81"]
[EventDate "2017.04.??"]
[EventType "swiss"]
[EventRounds "9"]
[EventCountry "USA"]

1. e4 e5 2. Nf3 Nc6 3. Bb5 a6 4. Ba4 Nf6 5. O-O Be7 6. d3 d6 7. c3 O-O 8. Re1
b5 9. Bc2 Bg4 10. Nbd2 d5 11. h3 Bh5 12. Qe2 d4 13. g4 Bg6 14. cxd4 exd4 15.
Nh2 Nd7 16. f4 f6 17. Bb3+ Bf7 18. Bd5 Ndb8 19. Bxf7+ Rxf7 20. Nb3 a5 21. a4
bxa4 22. Rxa4 Bb4 23. Bd2 Na6 24. Rea1 Qd6 25. Nf3 Rb8 26. Bxb4 Qxf4 27. Bxa5
Rxb3 28. Be1 Nab8 29. Nxd4 Nxd4 30. Rxd4 Nc6 31. Rd5 Rf8 32. Qc2 Rfb8 33. Qc4
Kf8 34. Bf2 Ne5 35. Rd8+ Rxd8 36. Bc5+ Rd6 37. Bxd6+ cxd6 38. Ra8+ Ke7 39. Qc7+
Nd7 40. Qd8+ Kf7 41. Qe8# 1-0

[Event "Philadelphia Open"]
[Site "Philadelphia"]
[Date "2017.04.16"]
[Round "8.12"]
[White "GM Berczes, David"]
[Black "FM Kretchetov, Alexandre"]
[Result "1-0"]
[WhiteElo "2500"]
[BlackElo "2242"]
[PlyCount "79"]
[EventDate "2017.04.??"]
[EventType "swiss"]
[EventRounds "9"]
[EventCountry "USA"]

1. d4 d5 2. c4 c6 3. cxd5 cxd5 4. Bf4 Nf6 5. Nc3 Nc6 6. e3 a6 7. Rc1 Bg4 8. f3
Bd7 9. g4 e6 10. Bd3 Be7 11. Nge2 b5 12. h4 h6 13. Kf2 Qb6 14. Bg3 Rc8 15. Nf4
Bd6 16. Kg2 Qb8 17. Nce2 Ng8 18. Bb1 Nge7 19. Nd3 Nd8 20. Qd2 Nb7 21. Rxc8+
Bxc8 22. Rc1 h5 23. Qe1 Ng6 24. Ne5 Nxe5 25. dxe5 Be7 26. g5 g6 27. Qc3 Bd7 28.
Nf4 Qd8 29. b4 a5 30. a3 axb4 31. axb4 Rg8 32. Bd3 Qb6 33. Bf2 Qa6 34. e4 dxe4
35. Bxe4 Nd8 36. Bc5 Bxc5 37. Qxc5 Qa2+ 38. Rc2 Qb3 39. Qd6 Qa3 40. Rc7 1-0

[Event "Philadelphia Open"]
[Site "Philadelphia"]
[Date "2017.04.16"]
[Round "8.13"]
[White "Huang, Andy"]
[Black "IM Balakrishnan, Praveen"]
[Result "0-1"]
[WhiteElo "2196"]
[BlackElo "2436"]
[PlyCount "110"]
[EventDate "2017.04.??"]
[EventType "swiss"]
[EventRounds "9"]
[EventCountry "USA"]

1. e4 e5 2. Nf3 Nc6 3. Bb5 Nf6 4. Qe2 a6 5. Ba4 Be7 6. O-O b5 7. Bb3 O-O 8. c3
d5 9. d3 Be6 10. h3 h6 11. Rd1 Re8 12. Nbd2 Bf8 13. Nf1 Qd7 14. Ng3 Rad8 15.
Bd2 Qc8 16. Rac1 Na5 17. c4 Nxb3 18. axb3 dxe4 19. dxe4 Nd7 20. Be3 Qb7 21. c5
c6 22. Qc2 a5 23. Nd2 Ra8 24. Ra1 g6 25. Rdc1 Red8 26. Nf3 Qc7 27. Ra3 Ra7 28.
Rca1 Rda8 29. Rd1 a4 30. bxa4 Rxa4 31. Rc3 b4 32. Rcd3 Kh7 33. Kh2 b3 34. Qc1
Rc4 35. Rc3 Rxc3 36. Qxc3 Qa5 37. Qc1 Qb5 38. Qc3 f6 39. Rc1 Qa5 40. Nd2 Qxc3
41. Rxc3 Rb8 42. Ne2 Rb5 43. Nc1 Nxc5 44. Bxc5 Rxc5 45. Ncxb3 Rb5 46. f3 c5 47.
Kg1 h5 48. Kh2 Kg8 49. Kg3 Kf7 50. Kh4 Bh6 51. Nxc5 Bxd2 52. Rc2 Bf4 53. Nd3
Kg7 54. Nf2 Bf7 55. Rc7 g5# 0-1

[Event "Philadelphia Open"]
[Site "Philadelphia"]
[Date "2017.04.16"]
[Round "8.14"]
[White "Zhu, Jack"]
[Black "FM Volkov, Dmitry"]
[Result "1/2-1/2"]
[WhiteElo "2427"]
[BlackElo "2248"]
[PlyCount "74"]
[EventDate "2017.04.??"]
[EventType "swiss"]
[EventRounds "9"]
[EventCountry "USA"]

1. e4 c5 2. Nf3 Nc6 3. d4 cxd4 4. Nxd4 Nf6 5. Nc3 e5 6. Ndb5 d6 7. Bg5 a6 8.
Na3 b5 9. Nd5 Be7 10. Bxf6 Bxf6 11. c4 b4 12. Nc2 O-O 13. g3 a5 14. h4 a4 15.
b3 Nd4 16. Nxd4 exd4 17. bxa4 Be6 18. Bd3 Bxd5 19. cxd5 Qa5 20. O-O Qxa4 21.
Qxa4 Rxa4 22. Rab1 Rxa2 23. Rxb4 Rd2 24. Ba6 g6 25. Rfb1 Re8 26. Rb8 Rxb8 27.
Rxb8+ Kg7 28. Rb3 d3 29. Rxd3 Rxd3 30. Bxd3 Bd4 31. Kg2 Kf6 32. Bc2 Bc5 33. f4
h5 34. Kf3 Bb4 35. Ba4 Ba3 36. Bd7 Ke7 37. Bc8 Kf6 1/2-1/2

[Event "Philadelphia Open"]
[Site "Philadelphia"]
[Date "2017.04.16"]
[Round "8.15"]
[White "FM Markzon, Gregory"]
[Black "FM Thavandiran, Shiyam"]
[Result "1/2-1/2"]
[WhiteElo "2188"]
[BlackElo "2375"]
[PlyCount "78"]
[EventDate "2017.04.??"]
[EventType "swiss"]
[EventRounds "9"]
[EventCountry "USA"]

1. d4 Nf6 2. c4 g6 3. Nc3 Bg7 4. e4 d6 5. Nf3 O-O 6. h3 e5 7. d5 Nh5 8. g3 f5
9. exf5 gxf5 10. Ng5 Nf6 11. Be2 h6 12. Nf3 Na6 13. Be3 f4 14. gxf4 exf4 15.
Bd4 c5 16. dxc6 bxc6 17. Rg1 c5 18. Bxf6 Qxf6 19. Nd5 Qf7 20. Nh4 f3 21. Bxf3
Bb7 22. Qd2 Rae8+ 23. Kf1 Bc8 24. Rg3 Kh7 25. Ng6 Bxh3+ 26. Kg1 Rg8 27. Bh5 Re5
28. Ndf4 Rxh5 29. Nxh5 Bd4 30. Ngf4 Bg4 31. Re1 Bxh5 32. Nxh5 Qxh5 33. Re7+ Kh8
34. Qf4 Rxg3+ 35. Qxg3 Be5 36. f4 Qd1+ 37. Kg2 Qe2+ 38. Kh3 Qh5+ 39. Kg2 Qe2+
1/2-1/2

[Event "Philadelphia Open"]
[Site "Philadelphia"]
[Date "2017.04.16"]
[Round "8.16"]
[White "Paul, Justin"]
[Black "FM Homa, Seth"]
[Result "0-1"]
[WhiteElo "2179"]
[BlackElo "2326"]
[Annotator "Hater,David"]
[PlyCount "44"]
[EventDate "2017.04.??"]
[EventType "swiss"]
[EventRounds "9"]
[EventCountry "USA"]

1. Nf3 d5 2. c4 c6 3. g3 Bg4 4. Bg2 e6 5. b3 Nd7 6. d4 Bb4+ 7. Bd2 Bd6 8. Nc3
Ngf6 9. O-O O-O 10. Bf4 Bxf4 11. gxf4 Qe7 12. Qd2 Rad8 13. Ne5 Bh5 14. Qe3 Ne8
15. f5 Nd6 16. Nxd7 Rxd7 17. Qh3 g6 18. cxd5 Nxf5 19. dxe6 Rxd4 20. e4 Nh4 21.
Qe3 fxe6 22. Qxd4 (22. f4 c5 23. Nb5 Rd7 24. Bh3 Rfd8 25. Qg3 Be2 26. f5 exf5
27. Nc3 Rd3 28. Nxe2 Rxg3+ 29. hxg3 Qxe4 30. gxh4 Qxe2 31. Rf2 Rd1+ 32. Rxd1
Qxd1+ 33. Kh2 Qd6+ 34. Kg2 b5 35. h5 Kg7 36. Kf3 Qd3+ 37. Kg2 c4 38. bxc4 bxc4
39. hxg6 hxg6 40. Kh2 Qe3 41. Rc2 c3 42. Bf1 f4 43. Bb5 g5 44. a4 g4 45. a5 Kf6
46. a6 Kg5 47. Bf1 f3 48. Ra2 Qd2+ 49. Rxd2 cxd2 50. Be2 fxe2 51. Kg2 e1=Q 52.
Kh2 Qf2+ 53. Kh1 d1=Q#) 22... Qg5 0-1

[Event "Philadelphia Open"]
[Site "Philadelphia"]
[Date "2017.04.16"]
[Round "8.17"]
[White "FM Pressman, Leif"]
[Black "FM Li, Ben"]
[Result "1/2-1/2"]
[WhiteElo "2288"]
[BlackElo "2230"]
[PlyCount "137"]
[EventDate "2017.04.??"]
[EventType "swiss"]
[EventRounds "9"]
[EventCountry "USA"]

1. e4 e5 2. Nf3 Nc6 3. Bc4 Bc5 4. Nc3 Nf6 5. d3 h6 6. Be3 Bxe3 7. fxe3 d6 8.
O-O Na5 9. Bb3 O-O 10. Qe1 c6 11. Nh4 Nxb3 12. axb3 d5 13. Nf5 dxe4 14. Nxe4
Nxe4 15. dxe4 Bxf5 16. exf5 f6 17. Qb4 Rf7 18. Rfd1 Rd7 19. Qc4+ Kh8 20. Qe2 a6
21. e4 Rd4 22. Kf1 Qb6 23. Rxd4 exd4 24. g4 Re8 25. Kg2 c5 26. Re1 Qc6 27. Qf3
a5 28. e5 fxe5 29. Qxc6 bxc6 30. Kf3 Rb8 31. Rxe5 c4 32. bxc4 Rxb2 33. Rxa5
Rxc2 34. Rc5 Rxh2 35. Rxc6 d3 36. Rd6 d2 37. Ke3 Rh4 38. Rxd2 Rxg4 39. Rc2 Rg5
40. Ke4 g6 41. fxg6 Rc5 42. Kd4 Rc8 43. c5 Kg7 44. Rg2 h5 45. Kd5 Rd8+ 46. Ke6
Rc8 47. Kd6 Rd8+ 48. Kc7 Rd4 49. c6 Rg4 50. Rd2 Kxg6 51. Kd7 Kg5 52. Rc2 Ra4
53. c7 Ra8 54. c8=Q Rxc8 55. Rxc8 Kf4 56. Rh8 Kg4 57. Ke6 h4 58. Ke5 h3 59. Ke4
Kg3 60. Ke3 Kg2 61. Rg8+ Kf1 62. Rf8+ Kg1 63. Rg8+ Kf1 64. Rh8 Kg2 65. Ke2 h2
66. Rg8+ Kh1 67. Ra8 Kg2 68. Rg8+ Kh1 69. Kf3 1/2-1/2

[Event "Philadelphia Open"]
[Site "Philadelphia"]
[Date "2017.04.16"]
[Round "8.18"]
[White "Umayan, Vincent"]
[Black "FM Sinha, Sahil"]
[Result "1-0"]
[WhiteElo "1983"]
[BlackElo "2288"]
[PlyCount "97"]
[EventDate "2017.04.??"]
[EventType "swiss"]
[EventRounds "9"]
[EventCountry "USA"]

1. d4 Nf6 2. Nf3 e6 3. c4 b6 4. a3 Bb7 5. Nc3 d5 6. cxd5 exd5 7. g3 Be7 8. Bg2
O-O 9. O-O Nbd7 10. Bf4 Ne4 11. Qb3 Nxc3 12. Qxc3 c5 13. Rad1 Re8 14. Rfe1 Bf6
15. Qd2 Nf8 16. Be5 Ne6 17. e3 a5 18. Bxf6 Qxf6 19. Ne5 Qe7 20. dxc5 bxc5 21.
f4 Red8 22. Qc2 a4 23. Nd3 Ra5 24. Nc1 g6 25. Nd3 Qc7 26. Ne5 Qb6 27. f5 Ng7
28. fxg6 hxg6 29. Rf1 Nf5 30. Rxf5 gxf5 31. Qxf5 Qc7 32. Qg5+ Kf8 33. Rf1 Rd6
34. Rxf7+ Qxf7 35. Nxf7 Kxf7 36. Qf4+ Ke7 37. Bh3 Raa6 38. Qh4+ Rf6 39. g4 Rab6
40. g5 Rg6 41. Bf5 Rg7 42. Qf4 Rc6 43. Qe5+ Kf8 44. Qb8+ Bc8 45. Bxc8 Rxg5+ 46.
Bg4+ Ke7 47. Qb7+ Kd6 48. Qd7+ Ke5 49. Qe7+ 1-0

[Event "Philadelphia Open"]
[Site "Philadelphia"]
[Date "2017.04.16"]
[Round "8.19"]
[White "Paciorkowski, Lev"]
[Black "FM Zhang, Yuanchen"]
[Result "1/2-1/2"]
[WhiteElo "2158"]
[BlackElo "2258"]
[PlyCount "172"]
[EventDate "2017.04.??"]
[EventType "swiss"]
[EventRounds "9"]
[EventCountry "USA"]

1. d4 Nf6 2. c4 e6 3. Nc3 Bb4 4. Qc2 O-O 5. Nf3 d5 6. e3 c5 7. dxc5 dxc4 8.
Bxc4 Bxc5 9. a3 a6 10. b4 Be7 11. Bb2 b5 12. Be2 Bb7 13. O-O Nbd7 14. Rfd1 Qc7
15. Rac1 Rac8 16. Qb1 Qb8 17. Ng5 Rfd8 18. Nce4 Nxe4 19. Nxe4 Rxc1 20. Rxc1 Qa8
21. f3 Bd5 22. Qd3 Rc8 23. Rxc8+ Qxc8 24. Qd4 f6 25. Nc3 Bb3 26. Ne4 Qc6 27.
Nd2 e5 28. Qc3 Qxc3 29. Bxc3 Bc2 30. Kf2 Nb6 31. e4 Na4 32. Ba1 Bd8 33. Ke1 Bb6
34. Nf1 Kf7 35. Kd2 Bb3 36. Ne3 Ke6 37. g3 Bxe3+ 38. Kxe3 Nb6 39. Kd2 Bc4 40.
Bd1 g6 41. Bc2 Bf1 42. Ke1 Bc4 43. Kf2 Kd6 44. f4 Be6 45. Bb2 Nc4 46. Bc1 Bd7
47. Bd3 Be6 48. Kf3 Bf7 49. Bf1 Be6 50. Be2 Bf7 51. Bd3 Ke7 52. Bc2 Be8 53. Bb3
Bf7 54. Ke2 Nb6 55. Bc2 Be8 56. Kf3 Bc6 57. Kf2 Nc4 58. Bd3 Nd6 59. Ke3 Nc4+
60. Ke2 Nd6 61. fxe5 fxe5 62. Kf3 Ke6 63. g4 Bb7 64. Bc2 Kf6 65. h4 h5 66. Bg5+
Ke6 67. gxh5 gxh5 68. Bb1 Bc6 69. Be3 Nc4 70. Bc1 Kf6 71. Bd3 Bd7 72. a4 Be6
73. axb5 axb5 74. Bg5+ Kg6 75. Be7 Bg4+ 76. Kf2 Be6 77. Bd8 Bf7 78. Bc7 Kf6 79.
Ke2 Be6 80. Bc2 Bg4+ 81. Kd3 Be6 82. Bb8 Bd7 83. Ba7 Bg4 84. Kc3 Be2 85. Bc5
Ke6 86. Bb3 Kf6 1/2-1/2

[Event "Philadelphia Open"]
[Site "Philadelphia"]
[Date "2017.04.16"]
[Round "8.22"]
[White "WIM Yu, Jennifer"]
[Black "Wang, Wesley"]
[Result "1/2-1/2"]
[WhiteElo "2209"]
[BlackElo "2111"]
[PlyCount "78"]
[EventDate "2017.04.??"]
[EventType "swiss"]
[EventRounds "9"]
[EventCountry "USA"]

1. c4 e5 2. Nc3 Bb4 3. Nd5 Be7 4. Nf3 d6 5. d4 e4 6. Nd2 f5 7. Nb1 Nf6 8. Nbc3
O-O 9. e3 c6 10. Nxe7+ Qxe7 11. d5 c5 12. b3 Nbd7 13. Bb2 Ne5 14. Qd2 Bd7 15.
Be2 Be8 16. f4 exf3 17. gxf3 Bh5 18. Rf1 Rae8 19. O-O-O Nf7 20. e4 fxe4 21.
fxe4 Bxe2 22. Qxe2 Nxe4 23. Rg1 Nxc3 24. Bxc3 g6 25. Qxe7 Rxe7 26. h4 Re3 27.
Ba1 Ne5 28. h5 Nd3+ 29. Kb1 Nf4 30. hxg6 Nxg6 31. Bb2 Rf4 32. Rd2 Kf8 33. Rh2
Re7 34. Rgh1 Rff7 35. Bc1 Ke8 36. Bg5 Re5 37. Bc1 Nf8 38. Bh6 Ree7 39. Bg5 Re5
1/2-1/2

[Event "Philadelphia Open"]
[Site "Philadelphia"]
[Date "2017.04.16"]
[Round "8.24"]
[White "Jacobsen, Brandon"]
[Black "Yang, Kevin"]
[Result "1-0"]
[WhiteElo "2188"]
[BlackElo "2016"]
[PlyCount "93"]
[EventDate "2017.04.??"]
[EventType "swiss"]
[EventRounds "9"]
[EventCountry "USA"]

1. Nf3 Nf6 2. c4 e6 3. g3 c5 4. Bg2 Qc7 5. Nc3 a6 6. O-O Be7 7. b3 d6 8. d4
cxd4 9. Nxd4 d5 10. Nf3 dxc4 11. Bf4 Qa5 12. Qd4 Nc6 13. Qxc4 O-O 14. a3 e5 15.
b4 Be6 16. bxa5 Bxc4 17. Nxe5 Nxa5 18. Nxc4 Nxc4 19. Bxb7 Ra7 20. Rfb1 Bxa3 21.
Be3 Nxe3 22. Rxa3 Nf5 23. Rxa6 Rxa6 24. Bxa6 g6 25. Bd3 Nd4 26. Rb7 Rc8 27. Nb5
Nxb5 28. Bxb5 Rc1+ 29. Kg2 Rb1 30. Kf3 Kg7 31. Bc6 Rxb7 32. Bxb7 Nd7 33. Ke3
Ne5 34. h3 Kf6 35. Kd4 g5 36. Be4 h6 37. Kd5 Nd7 38. Kd6 Nf8 39. g4 Ne6 40. e3
Ng7 41. Bd5 h5 42. e4 hxg4 43. hxg4 Ne8+ 44. Kd7 Ng7 45. f3 Ke5 46. Ke7 f5 47.
Kf7 1-0

[Event "Philadelphia Open"]
[Site "Philadelphia"]
[Date "2017.04.16"]
[Round "8.26"]
[White "Yoo, Christopher"]
[Black "Lederer, Yoav"]
[Result "1-0"]
[WhiteElo "2104"]
[BlackElo "2317"]
[PlyCount "53"]
[EventDate "2017.04.??"]
[EventType "swiss"]
[EventRounds "9"]
[EventCountry "USA"]

1. e4 c5 2. Nf3 e6 3. d4 cxd4 4. Nxd4 a6 5. Nc3 Qc7 6. Bd3 Nf6 7. O-O d6 8. f4
Nbd7 9. Kh1 Be7 10. Qe2 Nc5 11. Bd2 Nxd3 12. cxd3 O-O 13. f5 e5 14. Nc2 b5 15.
g4 Bb7 16. g5 Ne8 17. Nb4 Qd8 18. Qg4 d5 19. Nbxd5 Nc7 20. f6 Nxd5 21. Nxd5 Bc5
22. fxg7 Kxg7 23. Nf6 Be7 24. Qh5 Bxf6 25. gxf6+ Kh8 26. Rf3 Bc8 27. Bh6 1-0

[Event "Philadelphia Open"]
[Site "Philadelphia"]
[Date "2017.04.16"]
[Round "8.27"]
[White "WFM Bogdan, Ekaterina"]
[Black "FM Jayaraman, Aravind"]
[Result "0-1"]
[WhiteElo "2058"]
[BlackElo "2198"]
[PlyCount "80"]
[EventDate "2017.04.??"]
[EventType "swiss"]
[EventRounds "9"]
[EventCountry "USA"]

1. d4 Nf6 2. c4 e6 3. g3 Bb4+ 4. Bd2 Be7 5. Bg2 d5 6. Nf3 O-O 7. Qc2 Nbd7 8.
O-O Ne4 9. Nc3 Nxd2 10. Nxd2 Nb6 11. Qd3 f5 12. b3 c6 13. f4 Nd7 14. Nf3 b6 15.
Rfd1 h6 16. Rac1 Bb7 17. h3 Rc8 18. Kh2 Qe8 19. a4 a5 20. Rd2 Ba3 21. Rcd1 Ba6
22. Rc2 Bb4 23. Na2 Bd6 24. Rdc1 Ba3 25. Rd1 Qe7 26. Qe3 Kh7 27. Nc1 Nf6 28.
Nd3 c5 29. Nfe5 Ne4 30. dxc5 bxc5 31. Ne1 d4 32. Qf3 Bb7 33. Ra1 Bb4 34. N1d3
Bc3 35. Rd1 g6 36. Ra2 Ba8 37. Qf1 Rb8 38. Nc1 g5 39. Rc2 Rg8 40. Ned3 Nxg3 0-1